[Event "Winnipeg TNT 2023.11"]
[Site "Winnipeg CAN"]
[Date "2023.11.28"]
[Round "4.4"]
[White "Klusa, Mark"]
[Black "Aiello, Mick"]
[Result "1-0"]
[WhiteElo "1790"]
[BlackElo "1576"]
[PlyCount "115"]
[EventDate "2023.11.07"]
[EventType "swiss"]
[EventRounds "4"]
[EventCountry "CAN"]

1. d4 f5 2. Nf3 Nf6 3. Bg5 g6 4. Nbd2 Bg7 5. e3 O-O 6. Bc4+ d5 7. Bb3 Ne4 8. h4
h6 9. Bf4 c5 10. Ne5 Kh7 11. c3 e6 12. Ndf3 cxd4 13. exd4 Nc6 14. Qe2 Qa5 15.
O-O-O Ne7 16. Kb1 Qxc3 17. Qb5 Nc6 18. Bxd5 Bxe5 19. Bxe4 Qa5 20. Bxc6 Qxb5 21.
Bxb5 Bxf4 22. g3 Bd6 23. Rhe1 a6 24. Bc4 Re8 25. Rd3 b5 26. Bb3 Ra7 27. Ng1
Rae7 28. f4 Bb7 29. Rde3 Be4+ 30. Bc2 Bd5 31. Ne2 b4 32. Nc1 Rc7 33. Bb3 Be4+
34. Nd3 Kg7 35. Rxe4 fxe4 36. Rxe4 Kf6 37. d5 Rce7 38. dxe6 a5 39. Kc2 Kf5 40.
Nf2 h5 41. Rd4 Rc8+ 42. Kd2 Bc5 43. Rd5+ Kf6 44. Ne4+ Kg7 45. Nxc5 Ra8 46. Ke3
Kf6 47. Ne4+ Kg7 48. Kd4 a4 49. Bc4 a3 50. b3 Raa7 51. Ke5 Reb7 52. Rd8 Rb6 53.
Nf6 Rc6 54. Rg8+ Kh6 55. Rh8+ Kg7 56. Rh7+ Kf8 57. Nd7+ Ke8 58. Rh8+ 1-0

[Event "Winnipeg TNT 2023.11"]
[Site "Winnipeg CAN"]
[Date "2023.11.28"]
[Round "4.5"]
[White "Zhou, Joe"]
[Black "Stordeur, Jackson"]
[Result "0-1"]
[WhiteElo "1667"]
[BlackElo "1753"]
[PlyCount "76"]
[EventDate "2023.11.07"]
[EventType "swiss"]
[EventRounds "4"]
[EventCountry "CAN"]

1. c4 Nf6 2. Nc3 g6 3. g3 Bg7 4. Bg2 O-O 5. Nf3 d6 6. O-O Nc6 7. d3 a6 8. Be3
Ng4 9. Qd2 Nxe3 10. fxe3 Rb8 11. Rac1 Bd7 12. d4 e5 13. d5 Ne7 14. e4 f5 15.
Ne1 c5 16. Rb1 b5 17. b3 b4 18. Na4 Bxa4 19. bxa4 Qa5 20. Qc2 fxe4 21. Rxf8+
Rxf8 22. Bxe4 Bh6 23. Nd3 Be3+ 24. Kg2 Nf5 25. Bxf5 Rxf5 26. Rf1 Rxf1 27. Kxf1
Qd8 28. Qd1 Qf6+ 29. Kg2 e4 30. Nf4 Bxf4 31. gxf4 Qxf4 32. Qf1 Qxf1+ 33. Kxf1
Kf7 34. Kf2 Kf6 35. e3 Kg5 36. Kg3 a5 37. h3 h6 38. h4+ Kh5 0-1

[Event "Winnipeg TNT 2023.11"]
[Site "Winnipeg CAN"]
[Date "2023.11.28"]
[Round "4.6"]
[White "Hamm, Gabriel"]
[Black "Rook, Sean"]
[Result "1-0"]
[WhiteElo "1191"]
[BlackElo "1714"]
[Annotator "aboro"]
[PlyCount "31"]
[EventDate "2023.11.07"]
[EventType "swiss"]
[EventRounds "4"]
[EventCountry "CAN"]

1. e4 c6 2. d4 d5 3. e5 c5 4. dxc5 Nc6 5. Bb5 e6 6. Be3 Bd7 $6 7. Bxc6 Bxc6 8.
Nf3 Qa5+ 9. c3 Bxc5 $2 10. b4 Bxb4 11. cxb4 Qxb4+ 12. Qd2 Qg4 13. Kf1 Ne7 14.
h3 Bb5+ 15. Kg1 Qh5 16. Nc3 1-0

[Event "Winnipeg TNT 2023.11"]
[Site "Winnipeg CAN"]
[Date "2023.11.28"]
[Round "4.7"]
[White "Kuryliw, Ray"]
[Black "Bouchard, Daniel"]
[Result "1-0"]
[WhiteElo "1711"]
[BlackElo "1215"]
[PlyCount "55"]
[EventDate "2023.11.07"]
[EventType "swiss"]
[EventRounds "4"]
[EventCountry "CAN"]

1. d4 Nf6 2. Nc3 e6 3. a3 c5 4. Nf3 d5 5. Bf4 Nc6 6. e3 Be7 7. Ne5 Nxe5 8. Bxe5
Bd6 9. Bb5+ Ke7 10. O-O a6 11. Be2 h5 12. f4 Rh7 13. f5 Qc7 14. Bxf6+ gxf6 15.
h3 Bd7 16. Bf3 Bc6 17. Qd3 c4 18. Qe2 Rg8 19. e4 dxe4 20. Bxe4 Bxe4 21. Qxe4
Rhg7 22. Nd5+ Kd8 23. Nxc7 Bxc7 24. fxe6 fxe6 25. Rxf6 Bd6 26. Rxe6 Kd7 27. Re1
Rb8 28. Rxd6+ 1-0

[Event "Winnipeg TNT 2023.11"]
[Site "Winnipeg CAN"]
[Date "2023.11.28"]
[Round "4.8"]
[White "Ling, Aiden"]
[Black "Zhang, Nicole"]
[Result "1-0"]
[WhiteElo "1468"]
[BlackElo "1898"]
[PlyCount "101"]
[EventDate "2023.11.07"]
[EventType "swiss"]
[EventRounds "4"]
[EventCountry "CAN"]

1. e4 e5 2. Nf3 Nc6 3. Nc3 Nf6 4. d4 exd4 5. Nxd4 Bc5 6. Be3 d6 7. Nxc6 bxc6 8.
Bxc5 dxc5 9. Qxd8+ Kxd8 10. Rd1+ Ke7 11. Bc4 Rb8 12. b3 Rb6 13. O-O Ba6 14.
Bxa6 Rxa6 15. Rfe1 Nd7 16. Na4 Ra5 17. f3 c4 18. Rd2 Nb6 19. Red1 cxb3 20. axb3
Rc8 21. Nxb6 cxb6 22. Rd7+ Ke8 23. Rb7 Rd8 24. Rxd8+ Kxd8 25. Rxf7 Ra1+ 26. Kf2
Ra2 27. Rxg7 Rxc2+ 28. Kg3 a5 29. Rb7 b5 30. e5 Re2 31. Kf4 a4 32. bxa4 bxa4
33. Ra7 Rxg2 34. h4 h5 35. Rxa4 Kd7 36. Kf5 Rg3 37. f4 Rg4 38. Ra7+ Ke8 39. Rc7
c5 40. Rxc5 Rxh4 41. Rc8+ Ke7 42. Rh8 Rh1 43. Rh7+ Kf8 44. Kf6 Kg8 45. Rg7+ Kf8
46. e6 Re1 47. e7+ Rxe7 48. Rxe7 h4 49. Rh7 Kg8 50. Rxh4 Kf8 51. Rh8# 1-0

[Event "Winnipeg TNT 2023.11"]
[Site "Winnipeg CAN"]
[Date "2023.11.28"]
[Round "4.9"]
[White "Letain, Cory"]
[Black "Klokow, John"]
[Result "0-1"]
[WhiteElo "1722"]
[BlackElo "1622"]
[PlyCount "84"]
[EventDate "2023.11.07"]
[EventType "swiss"]
[EventRounds "4"]
[EventCountry "CAN"]

1. e4 e5 2. f4 exf4 3. Nf3 g5 4. Bc4 Bg7 5. O-O h6 6. c3 Ne7 7. d4 O-O 8. h3 d5
9. exd5 Nxd5 10. Nh2 Bf5 11. Qb3 Nb6 12. Be2 N8d7 13. Nd2 Nf6 14. Ndf3 Qd5 15.
c4 Qd7 16. d5 Ne4 17. Bd2 Ng3 18. Rfe1 Nxe2+ 19. Rxe2 Rfe8 20. Rae1 Rxe2 21.
Rxe2 Re8 22. Rxe8+ Qxe8 23. c5 Na4 24. c6 Nc5 25. Qa3 b6 26. Qxa7 Qe2 27. Qxc7
Qd1+ 28. Nf1 Bd3 29. d6 Bxf1 30. Qb8+ Kh7 31. Kh2 Qe2 32. Ne1 Nd3 33. Qc8 Nxe1
34. Qf5+ Kg8 35. Qg4 f3 36. c7 Nxg2 37. c8=Q+ Bf8 38. Qxf8+ Kxf8 39. Qc8+ Kg7
40. Bc3+ Kg6 41. Qg8+ Kh5 42. Qxf7+ Kh4 0-1

[Event "Winnipeg TNT 2023.11"]
[Site "Winnipeg CAN"]
[Date "2023.11.28"]
[Round "4.10"]
[White "Repaka, Prabhav"]
[Black "Hansima, Charitha"]
[Result "1/2-1/2"]
[WhiteElo "1535"]
[BlackElo "1703"]
[PlyCount "82"]
[EventDate "2023.11.07"]
[EventType "swiss"]
[EventRounds "4"]
[EventCountry "CAN"]

1. e4 e6 2. d4 d5 3. e5 c5 4. c3 cxd4 5. cxd4 Nc6 6. Nf3 Nh6 7. Bd3 Nb4 8. Nc3
Nxd3+ 9. Qxd3 Nf5 10. Bf4 Bd7 11. Rc1 Qb6 12. O-O Bb4 13. Rfd1 Rc8 14. Ne2 O-O
15. Ng3 Rxc1 16. Rxc1 Bb5 17. Qd1 Nxg3 18. hxg3 Be7 19. Bg5 f6 20. Bf4 Be8 21.
Qe2 Bh5 22. Qd2 Bb4 23. Qc2 Bxf3 24. gxf3 Qxd4 25. exf6 Qxf6 26. Qc7 Qf7 27. a3
Qxc7 28. Rxc7 Ba5 29. Rxb7 Bb6 30. Kg2 Bd4 31. Bd6 Re8 32. Rb4 Bb6 33. Be5 Rc8
34. Rg4 g6 35. Rf4 Rc2 36. Kh3 Rxf2 37. b3 d4 38. Bxd4 Bxd4 39. Rxd4 Rxf3 40.
Rb4 Rf7 41. Kg4 Kg7 1/2-1/2

[Event "Winnipeg TNT 2023.11"]
[Site "Winnipeg CAN"]
[Date "2023.11.28"]
[Round "4.11"]
[White "Ash, Cory"]
[Black "De Meyer, Oliver"]
[Result "0-1"]
[WhiteElo "1105"]
[BlackElo "1481"]
[PlyCount "98"]
[EventDate "2023.11.07"]
[EventType "swiss"]
[EventRounds "4"]
[EventCountry "CAN"]

1. c4 e5 2. Nc3 Nf6 3. d3 Bb4 4. Qc2 Nc6 5. Nf3 O-O 6. Bg5 Nd4 7. Qd2 h6 8. Be3
Nxf3+ 9. exf3 d5 10. a3 Bxc3 11. bxc3 d4 12. Bxh6 gxh6 13. Qxh6 dxc3 14. Qg5+
Kh8 15. Qh6+ Nh7 16. Qe3 Qd4 17. Be2 Qxe3 18. fxe3 Rg8 19. g4 b6 20. O-O-O Bb7
21. e4 c5 22. Kc2 Ng5 23. h4 Ne6 24. Kxc3 Nd4 25. Rde1 Bc6 26. g5 Rg6 27. Rhf1
b5 28. f4 Nxe2+ 29. Rxe2 f6 30. f5 Rgg8 31. g6 Kg7 32. Rg2 Rab8 33. h5 Rh8 34.
Rh1 a5 35. Rgh2 b4+ 36. Kb2 bxa3+ 37. Ka2 Rb2+ 38. Rxb2 axb2 39. Kxb2 Kh6 40.
Rg1 Rg8 41. d4 cxd4 42. c5 Bxe4 43. Kb3 Bxf5 44. Rf1 Be6+ 45. Kc2 f5 46. c6
Kxh5 47. c7 Kxg6 48. Kd3 Rc8 49. Re1 Kf6 0-1

[Event "Winnipeg TNT 2023.11"]
[Site "Winnipeg CAN"]
[Date "2023.11.28"]
[Round "4.12"]
[White "Boron, Anthony"]
[Black "Gannon, Keith"]
[Result "1-0"]
[WhiteElo "2014"]
[BlackElo "1539"]
[PlyCount "117"]
[EventDate "2023.11.07"]
[EventType "swiss"]
[EventRounds "4"]
[EventCountry "CAN"]

1. d4 d5 2. Nf3 Nf6 3. e3 e6 4. Bd3 c5 5. c3 Bd7 6. Ne5 cxd4 7. exd4 Nc6 8. f4
Be7 9. Nd2 O-O 10. Ndf3 a6 11. O-O b5 12. a3 Qc7 13. Qe2 Rab8 14. Bd2 h6 15.
Rac1 Bd6 16. b4 Bxe5 17. fxe5 Ne4 18. Bxe4 dxe4 19. Qxe4 Ne7 20. Nh4 Qc6 21.
Qxc6 Bxc6 22. g3 g5 23. Ng2 Bxg2 24. Kxg2 Nd5 25. h4 Rbc8 26. hxg5 hxg5 27. Rh1
f6 28. Rh5 Kf7 29. exf6 Nxf6 30. Rf1 g4 31. Rh7+ Ke8 32. Rh6 Ke7 33. Bg5 Rf7
34. Rhxf6 Rxf6 35. Bxf6+ Kd7 36. d5 exd5 37. Rf4 Rg8 38. Kf2 Ke6 39. Ke3 Ra8
40. Kd4 a5 41. Bh4 axb4 42. axb4 Ra1 43. Rxg4 Rd1+ 44. Kc5 Rd3 45. Rg6+ Kf5 46.
Rf6+ Ke5 47. Kxb5 Rxc3 48. Rf4 d4 49. Bf6+ Ke6 50. g4 Rd3 51. Bxd4 Kd5 52. Bc5
Rh3 53. Rd4+ Ke6 54. Kc6 Rh4 55. b5 Rh8 56. Bb6 Rc8+ 57. Bc7 Kf6 58. b6 Rxc7+
59. bxc7 1-0